zpět

Detail výsledku týmu

Tenis klub, Pardubice

Datum a čas kvízu

27.5 Celkem bodů Celkový počet nahraných bodů na tomto kvízu bez doplňovacích otázek.
5. Pořadí na kvízu Konečné umístění týmu na tomto kvízu.

Zaznamenané odpovědi

# Otázka Odpověď Body Výsledky
1. Nově zvolený poslanec za KDU-Č... kroj 1
2. Tichomořské souostroví s popul... Tuvalu 0
3. KD Hronovická hostilo minulou... Heidi Janků 0
4. Jistý filmař v roce 1993 spolu... Peter Jackson 0
5. Počátkem týdne bylo představen... 1. Chybí bambule. 2. Místo symbolů k ošetřování jsou použity symboly některých zimních sportů. 0
6. Budeme se zabývat osobnostmi,... Bertramka; Don Giovanni, La clemenza di Tito 0.5
7. Posuneme se do doby přelomu 16... Edward Kelley 0
8. Zde vidíme dvě fotografie jedn... Shirley Temple (provdaná Black) 1
9. Napíšete-li jméno muže na obrá... Osmany Laffita, Kuba 1
10. A na závěr představíme dva ciz... Vrbětice 1